| 000 | 03339cam a22003977a 4500 | ||
|---|---|---|---|
| 001 | 17380291 | ||
| 003 | ARRUPE | ||
| 005 | 20141212020005.0 | ||
| 008 | 120710s2012 enka b 001 0 eng d | ||
| 010 | _a 2011277716 | ||
| 016 | 7 |
_a015869790 _2Uk |
|
| 020 | _a9781848858862 | ||
| 020 | _a1848858868 | ||
| 035 | _a(OCoLC)ocn739839143 | ||
| 040 |
_aYDXCP _cYDXCP _dUKMGB _dDPL _dBWX _dBDX _dHLS _dMUU _dSHH _dDLC |
||
| 042 | _alccopycat | ||
| 050 | 0 | 0 |
_aDT433.58 _b.H67 2012 |
| 082 | 0 | 4 |
_a967.6204 _223 |
| 100 | 1 |
_aHornsby, Charles. _94548 |
|
| 245 | 1 | 0 |
_aKenya : _ba history since independence / _cCharles Hornsby. |
| 260 |
_aLondon ; _aNew York : _bI. B. Tauris, _c2012. |
||
| 300 |
_axviii, 958 p. : _bill. ; _c24 cm. |
||
| 504 | _aIncludes bibliographical references and index. | ||
| 505 | 0 | _aIndependence! -- Struggle for the state, 1964-1965 -- Multi-party, but not democracy, 1966-1969 -- 'Golden years', 1970-1974 -- Rigor mortis, 1975-1978 -- Too many cooks, 1978-1983 -- Heavy footsteps, 1984-1989 -- A second liberation? 1990-1992 -- Conflict and change, 1993-1997 -- Unnatural succession, 1998-2002 -- Back to the future, 2003-2008 -- Cold war and compromise, 2008-2011. | |
| 520 | _a"Since independence in 1963, Kenya has survived nearly five decades as a functioning nation-state, with regular elections, its borders intact and without experiencing war or military rule. However, Kenya's independence has always been circumscribed by its failure to transcend its colonial past; its governments have failed to achieve adequate living conditions for most of its citizens; and its politics have been fraught with controversy - illustrated most recently by the post-election protests and violence in 2007. The decisions of the early years of independence, and the acts of its leaders in the decades since - from Jomo Kenyatta, Tom Mboya and Oginga Odinga to Daniel arap Moi and Mwai Kibaki - have changed the country's path in unpredictable ways, but key themes of conflicts remain: over land, tribalism - including the simmering Kikuyu-Luo rivalries - money, power, national autonomy and the distribution of resources. The political elite's endless struggle for access to state resources has damaged Kenya's economy and the political exploitation of ethnicity still threatens the country's stability. In this definitive new history, Charles Hornsby demonstrates how independent Kenya's politics have been dominated by a struggle to deliver security, impartiality, efficiency and growth, but how the legacies of the past have continued to undermine their achievement, making the long-term future of Kenya far from certain."-- | ||
| 651 | 0 |
_aKenya _xHistory _y1963- _94549 |
|
| 651 | 0 |
_aKenya _xPolitics and government. _94550 |
|
| 651 | 0 |
_aKenya _xEconomic conditions _y1963- _94551 |
|
| 651 | 0 |
_aKenya _xSocial conditions _y1963- _94552 |
|
| 856 | 4 | 2 |
_3Contributor biographical information _uhttp://www.loc.gov/catdir/enhancements/fy1214/2011277716-b.html |
| 856 | 4 | 2 |
_3Publisher description _uhttp://www.loc.gov/catdir/enhancements/fy1214/2011277716-d.html |
| 856 | 4 | 1 |
_3Table of contents only _uhttp://www.loc.gov/catdir/enhancements/fy1214/2011277716-t.html |
| 906 |
_a7 _bcbc _ccopycat _d1 _encip _f20 _gy-gencatlg |
||
| 942 |
_2lcc _cMONOGRAPH _012 |
||
| 999 |
_c118888 _d118888 |
||